Statistics for 50 Digits of Pi

Click here to take the quiz!

General Stats

  • This quiz has been taken 337 times
  • The average score is 47 of 50

Answer Stats

Answer% Correct
Box 1 [Number after 3]1
100%
Box 31
100%
Box 401
100%
Box 371
100%
Box 491
100%
Box 364
99%
Box 24
99%
Box 234
99%
Box 194
99%
Box 173
95%
Box 463
95%
Box 273
95%
Box 253
95%
Box 243
95%
Box 433
95%
Box 153
95%
Box 93
95%
Box 315
95%
Box 485
95%
Box 45
95%
Box 105
95%
Box 85
95%
Box 226
94%
Box 206
94%
Box 416
94%
Box 76
94%
Box 429
94%
Box 389
94%
Box 59
94%
Box 459
94%
Box 309
94%
Box 449
94%
Box 129
94%
Box 149
94%
Box 332
93%
Box 282
93%
Box 62
93%
Box 212
93%
Box 162
93%
Box 477
92%
Box 297
92%
Box 137
92%
Box 397
92%
Box 268
92%
Box 358
92%
Box 348
92%
Box 188
92%
Box 118
92%
Box 320
89%
Box 500
89%

Score Distribution

Percentile by Number Answered

Percent of People with Each Score

Your Score History

You have not taken this quiz